Подробности
| 000 -МАРКЕР |
| контрольное поле |
02599nam2a22003971 4500 |
| 001 - ИДЕНТИФИКАТОР ЗАПИСИ |
| контрольное поле |
v19\rc\1771395 |
| 005 - ИДЕНТИФИКАТОР ВЕРСИИ |
| контрольное поле |
20250619071134.0 |
| 035 ## - ДРУГИЕ СИСТЕМНЫЕ НОМЕРА |
| Идентификатор записи |
(NLR Aleph) 004868806 |
| 100 ## - ДАННЫЕ ОБЩЕЙ ОБРАБОТКИ |
| Данные общей обработки |
20061204d1907 |||y0rusy50 ca |
| 101 1# - ЯЗЫК РЕСУРСА |
| Язык текста, звукозаписи и т.д. |
русский |
| Язык оригинала |
английский |
| 102 ## - СТРАНА ПУБЛИКАЦИИ ИЛИ ПРОИЗВОДСТВА |
| Страна публикации |
Российская Федерация |
| 105 ## - ПОЛЕ КОДИРОВАННЫХ ДАННЫХ: ТЕКСТОВЫЕ МАТЕРИАЛЫ, МОНОГРАФИЧЕСКИЕ |
| Кодированные данные о монографическом текстовом документе |
y z |||a| |
| 200 1# - ЗАГЛАВИЕ И СВЕДЕНИЯ ОБ ОТВЕТСТВЕННОСТИ |
| Основное заглавие |
[Поэмы и драмы. (1819-1822)] |
| Сведения, относящиеся к заглавию |
Маскарад анархии; Письмо к Марии Джисборн; Волшебница Атласа; Эпипсихидион; Адонаис; Эллада; Отрывки неоконченной драмы; Карл Первый; Торжество жизни; Повествовательные отрывки; Статьи |
| Первые сведения об ответственности |
Пояснит. примеч. К.Д. Бальмонта |
| Последующие сведения об ответственности |
С прил. ст.: "Эдуард Даудэн. Очерк жизни Шелли" |
| 210 ## - ПУБЛИКАЦИЯ, РАСПРОСТРАНЕНИЕ И ДР. |
| Дата издания, распространения и т.д. |
1907 |
| Место издания, распространения и т.д. |
Б. м. |
| 215 ## - ФИЗИЧЕСКАЯ ХАРАКТЕРИСТИКА |
| Специфическое обозначение материала и объем |
[8], 422, 24 с. |
| 461 #0 - УРОВЕНЬ НАБОРА |
| Встроенное поле |
001v19\rc\1771392 |
| -- |
2001#$aПолное собрание сочинений, в переводе [и с предисл.] К.Д. Бальмонта$fШелли$vТ. 3 |
| -- |
700#1$aШелли$bП.Б.$f1792-1822$gПерси Биши |
| Системный номер (АБИС) связанной записи |
5080405 |
| Автор |
Шелли, П.Б. (1792-1822) |
| Место публикации |
Санкт-Петербург |
| Дата публикации |
1903-1907 |
| Издание |
Новое трехтом. перераб. изд. Т. 1-3 |
| Первые сведения об ответственности |
Шелли |
| Имя издателя, распространителя и т.д. |
Знание |
| Физическая характеристика |
3 т. |
| Заглавие |
Полное собрание сочинений, в переводе [и с предисл.] К.Д. Бальмонта |
| Номер тома |
Т. 3 |
| 464 #0 - АНАЛИТИЧЕСКИЙ УРОВЕНЬ |
| Встроенное поле |
2001#$aМаскарад Анархии$aПисьмо к Марии Джисборн$aВолшебница Атласа$aЭпипсихидион$aАдонаис$aЭллада$aОтрывки неоконченной драмы$aКарл Первый$aТоржество жизни$aПовествовательные отрывки$aСтатьи |
| Заглавие |
Статьи |
| 464 #0 - АНАЛИТИЧЕСКИЙ УРОВЕНЬ |
| Встроенное поле |
2001#$aОчерк жизни Шелли |
| -- |
700#1$aДаудэн$bЭ.$f1843-1913$gЭдуард |
| Заглавие |
Очерк жизни Шелли |
| Автор |
Даудэн, Эдуард (1843-1913) |
| 532 13 - РАСШИРЕННОЕ ЗАГЛАВИЕ |
| Заглавие |
Поэмы и драмы.(1819-1822)] |
| 702 #1 - ИМЯ ЛИЦА - ВТОРИЧНАЯ ОТВЕТСТВЕННОСТЬ |
| Начальный элемент ввода |
Бальмонт |
| Часть имени, кроме начального элемента ввода |
К.Д. |
| Даты |
1867-1942 |
| Расширение инициалов личного имени |
Константин Дмитриевич |
| Код отношения |
Комментатор печатного текста |
| 801 #0 - ИСТОЧНИК ЗАПИСИ |
| Страна |
Российская Федерация |
| Организация |
NLR |
| Правила каталогизации |
psbo |
| 801 #0 - ИСТОЧНИК ЗАПИСИ |
| Страна |
Российская Федерация |
| Организация |
RuMoRGB |
| Источник данных |
psbo |
| 801 #1 - ИСТОЧНИК ЗАПИСИ |
| Страна |
Российская Федерация |
| Организация |
ProSoft-M |
| Источник данных |
rusmarc |
| 852 ## - МЕСТОНАХОЖДЕНИЕ И ШИФР ХРАНЕНИЯ |
| Идентификатор организации |
NLR |
| Шифр хранения (Call Number) |
38.71.7.30 |
| 852 ## - МЕСТОНАХОЖДЕНИЕ И ШИФР ХРАНЕНИЯ |
| Идентификатор организации |
NLR |
| Шифр хранения (Call Number) |
Л60/Б-5/8 |
| 899 ## - ДАННЫЕ О МЕСТОНАХОЖДЕНИИ (устаревшее) |
| Местонахождение |
RuMoRGB |
| Шифр хранения |
U 145/35 |
| 899 ## - ДАННЫЕ О МЕСТОНАХОЖДЕНИИ (устаревшее) |
| Местонахождение |
RuMoRGB |
| Шифр хранения |
U 165/10 |
| 899 ## - ДАННЫЕ О МЕСТОНАХОЖДЕНИИ (устаревшее) |
| Местонахождение |
RuMoRGB |
| Шифр хранения |
T 75/16 |
| 899 ## - ДАННЫЕ О МЕСТОНАХОЖДЕНИИ (устаревшее) |
| Местонахождение |
RuMoRGB |
| Шифр хранения |
Рб 10/2730 |
| 899 ## - ДАННЫЕ О МЕСТОНАХОЖДЕНИИ (устаревшее) |
| Местонахождение |
RuMoRGB |
| Шифр хранения |
МК |
| 899 ## - ДАННЫЕ О МЕСТОНАХОЖДЕНИИ (устаревшее) |
| Местонахождение |
НБ СПбГУ |
| 899 ## - ДАННЫЕ О МЕСТОНАХОЖДЕНИИ (устаревшее) |
| Местонахождение |
ГПИБ |
| 899 ## - ДАННЫЕ О МЕСТОНАХОЖДЕНИИ (устаревшее) |
| Местонахождение |
НБ МГУ |
| 942 ## - ДОПОЛНИТЕЛЬНЫЕ ЭЛЕМЕНТЫ ЗАПИСИ (АБИС) |
| Тип экземпляра АБИС |
Книга |
| 980 ## - КОЛЛЕКЦИЯ |
| Название коллекции |
Национальная библиография |